banner-ar

SCULPTORS STUDIES CATALOGUE GENERAL DU MUSEE DU CAIRE / (Record no. 20394)

MARC details
000 -الفاتح
حقل البيانات ثابتة الطول 00550nam a2200181Ia 4500
008 - عناصر البيانات ثابتة الطول - معلومات عامة
حقل البيانات ثابتة الطول 140319s9999 xx 000 0 aFre d
040 ## - مصدر الفهرسة
وكالة الفهرسة الأصلية GCL /
وكالة النسخ GCL
082 04 - رقم تصنيف ديوى العشرى
رقم التصنيف CC
رقم المادة 732
-- E S
100 1# - المدخل الرئيسى - إسم شخصى
الإسم الشخصى EDGAR, M.C.
245 10 - بيان العنوان
العنوان SCULPTORS STUDIES CATALOGUE GENERAL DU MUSEE DU CAIRE /
بيان المسئوليه,etc EDGAR, M.C.
260 ## - PUBLICATION, DISTRIBUTION, ETC. (IMPRINT)
تاريخ النشر أو التوزيع 1906
490 ## - بيان السلسلة
عنوان السلسلة SEVRICE DES ANTIQUITES DE L'EGYPTE
رقم المجلد/ التعيين التسلسلي 0
650 04 - المدخل الاضافى بالموضوع-مصطلح موضوعى
مصطلح موضوعي حسن فتحى
650 04 - المدخل الاضافى بالموضوع-مصطلح موضوعى
مصطلح موضوعي EGYPT, MUSEUMS
650 04 - المدخل الاضافى بالموضوع-مصطلح موضوعى
مصطلح موضوعي EGYPT - ANTIQUITIES
942 ## - عناصر المدخل الإضافي( كوها)
مصدر التصنيف او مخطط الترفيف Dewey Decimal Classification
Koha [default] item type كتاب
260 ## - PUBLICATION, DISTRIBUTION, ETC. (IMPRINT)
-- [S.N] :
-- INSTITUT FRANCAIS D'ARCHEOLOGIE ORIENTAL ،
Holdings
حالة التراجع حالة الفقد حالة تلف ليس للاعارة المكان المؤقت الموقع الحالى تاريخ الاكتساب اجمالي اﻻعارات رقم الطلب الباركود تاريخ اخر مشاهدة تاريخ تفعيل السعر نوع وعاء كوها
        مكتبة القاهرة الكبرى مكتبة القاهرة الكبرى 03/26/2014   CC\732\E S 38267 03/26/2014 03/26/2014 كتاب
        مكتبة القاهرة الكبرى مكتبة القاهرة الكبرى 03/26/2014   CC\732\E S 38268 03/26/2014 03/26/2014 كتاب

Powered By

EGPV